Mathematics: A discrete introduction

This book is an introduction to mathematics--in particular, it is an introduction to discrete mathematics. There are two primary goals for this book: students will learn to reading and writing proofs, and students will learn the fundamental concepts of discrete mathematics.

সংরক্ষণ করুন:
গ্রন্থ-পঞ্জীর বিবরন
প্রধান লেখক: Scheinerman, Edward R.
বিন্যাস: গ্রন্থ
ভাষা:Undetermined
প্রকাশিত: Pacific Grove, California Brooks/Cole 2000
বিষয়গুলি:
ট্যাগগুলো: ট্যাগ যুক্ত করুন
কোনো ট্যাগ নেই, প্রথমজন হিসাবে ট্যাগ করুন!
Thư viện lưu trữ: Trung tâm Học liệu Trường Đại học Cần Thơ
LEADER 00887nam a2200229Ia 4500
001 CTU_42283
008 210402s9999 xx 000 0 und d
020 |b 949.000đ 
020 |c 949000 
082 |a 510 
082 |b S321 
100 |a Scheinerman, Edward R. 
245 0 |a Mathematics: A discrete introduction 
245 0 |c Edward R Scheinerman 
260 |a Pacific Grove, California 
260 |b Brooks/Cole 
260 |c 2000 
520 |a This book is an introduction to mathematics--in particular, it is an introduction to discrete mathematics. There are two primary goals for this book: students will learn to reading and writing proofs, and students will learn the fundamental concepts of discrete mathematics. 
650 |a Computer science,Mathematics 
650 |x Mathematics 
904 |i Minh, 010718 
980 |a Trung tâm Học liệu Trường Đại học Cần Thơ